| 000 | 00528nam a22001457a 4500 | ||
|---|---|---|---|
| 003 | macl | ||
| 005 | 20151101152200.0 | ||
| 008 | 151101b xxu||||| |||| 00| 0 eng d | ||
| 040 | _cmacl | ||
| 041 | _aHindi | ||
| 100 |
_aसिद्धार्थ मित्तल _917277 |
||
| 245 | _aसिविल सेवा मुख्य परीक्षा सामान्य अध्ययन | ||
| 260 |
_aमेरठ _bअरिहन्त पब्लिकेशन्स _c2015 |
||
| 942 |
_2ddc _cHIN |
||
| 999 |
_c50502 _d50502 |
||